Normal view MARC view
  • Henrietta Maria,

Entry Personal Name

Number of records used in: 1

001 - CONTROL NUMBER

  • control field: 93579

003 - CONTROL NUMBER IDENTIFIER

  • control field: NUST

005 - DATE AND TIME OF LATEST TRANSACTION

  • control field: 20220715091029.0

008 - FIXED-LENGTH DATA ELEMENTS

  • fixed length control field: 220715|| aca||aabn | a|a d

040 ## - CATALOGING SOURCE

  • Original cataloging agency: NUST
  • Transcribing agency: NUST

100 ## - HEADING--PERSONAL NAME

  • Personal name: Henrietta Maria,
  • Titles and other words associated with a name: Queen, consort of Charles I, King of England,
  • Dates associated with a name: 1609-1669
  • General subdivision: Juvenile literature

670 ## - SOURCE DATA FOUND

  • Source citation: Work cat.: (NUST)0: Stickles, Frances Copeland. 93578, A crown for Henrietta Maria :, 1988.
© 2023 Central Library, National University of Sciences and Technology. All Rights Reserved.